MARC

LEADER 00000nam0a2200000 4500
001 355314
005 20231102010800.0
035 |a (RuTPU)RU\TPU\retro\12573 
090 |a 355314 
100 |a 20200706d1973 km y0rusy50 ca 
101 0 |a rus 
102 |a RU 
105 |a a z 001zy 
200 1 |a Стойкость шлифовальных кругов  |f Л. Н. Филимонов 
210 |a Ленинград  |c Машиностроение  |d 1973 
215 |a 136 с.  |c ил. 
320 |a Библиогр.: с. 131-133 
606 1 |a Шлифовальные круги  |x Прочность  |2 stltpush  |3 (RuTPU)RU\TPU\subj\19286  |9 44548 
610 1 |a стойкость 
610 1 |a критерии 
610 1 |a износ 
610 1 |a затупление 
610 1 |a технологическое обеспечение 
610 1 |a эффективность 
675 |a 622.922.0025  |v 4 
700 1 |a Филимонов  |b Л. Н.  |g Леонид Николаевич 
801 1 |a RU  |b 63413507  |c 20200706 
801 2 |a RU  |b 63413507  |c 20210215  |g RCR 
942 |c BK